Ч. 1; Двести лет вместе (1795-1995)

Detalles Bibliográficos
Parent link:Двести лет вместе (1795-1995): В 2 ч./ А. И. Солженицын. Ч. 1.— , 2001-
Idioma:ruso
Publicado: 2001
Series:Исследования новейшей русской истории 7
Subjects:
Formato: Libro
KOHA link:https://koha.lib.tpu.ru/cgi-bin/koha/opac-detail.pl?biblionumber=52615

MARC

LEADER 00000nam2a2200000 4500
001 52615
005 20231031042240.0
010 |a 5858871100 
035 |a (RuTPU)RU\TPU\book\55154 
090 |a 52615 
100 |a 20030604d2001 km y0rusy50 ca 
101 0 |a rus 
102 |a RU 
105 |a y z 000zy 
200 0 |a Ч. 1 
210 |d 2001 
215 |a 512 с. 
225 1 |a Исследования новейшей русской истории  |v 7 
461 1 |0 (RuTPU)RU\TPU\book\57797  |t Двести лет вместе (1795-1995)  |o В 2 ч.  |f А. И. Солженицын  |v Ч. 1  |d 2001- 
610 1 |a история 
610 1 |a Россия 
610 1 |a 17 век 
610 1 |a 18 век 
610 1 |a 19 век 
610 1 |a 20 век 
610 1 |a евреи 
610 1 |a сионизм 
686 |a Т3(29=…)  |v LBC/SL-A  |2 rubbk 
801 1 |a RU  |b 63413507  |c 20030604  |g PSBO 
801 2 |a RU  |b 63413507  |c 20181113  |g PSBO 
942 |c BK